Score 0/18 Timer 05:00
0 Plays Today
% Correct
The Office
95%
Game of Thrones
94.3%
That '70s Show
93.6%
I Love Lucy
89.2%
Glee
83.6%
Parks and Recreation
76.8%
LOST
75.9%
True Blood
67.3%
It's Always Sunny in Philadelphia
65.6%
% Correct
Freaks and Geeks
58.5%
Arrested Development
55.2%
Once Upon a Time
54.6%
Mad Men
53.1%
The O.C.
52.6%
The Americans
43.5%
Gotham
40.5%
Revenge
40.4%
Veronica Mars
9.6%
Come Together.
Have Fun.
All Virtual.
We all need to come together. Play Sporcle's virtual live trivia to have fun, connect with people, and get your trivia on. Join a live hosted trivia game for your favorite pub trivia experience done virtually. If a virtual private party is more your thing, go here for details.

You're not logged in!

Compare scores with friends on all Sporcle quizzes.
OR
Log In

Sporcle TV

Today on Sporcle TV


Watch our educational content, quiz creation guides, and fun videos on Sporcle TV.

Show Comments

Extras

Top Quizzes Today


Score Distribution

Paid Content

Your Account Isn't Verified!

In order to create a playlist on Sporcle, you need to verify the email address you used during registration. Go to your Sporcle Settings to finish the process.

Report this User

Report this user for behavior that violates our Community Guidelines.

Details: